000
00246nam a22001097a 4500
082
_a
891.4391 HAZ'S
100
_a
SALIK, S|EHSAN ELLAHI
_9
76056
245
_a
HAZOOR SHAIRA MUSHRIQ
260
_a
LAHORE
_b
AZIZ
_c
1977
300
_a
208P
942
_c
BK
999
_c
581464
_d
581464